[Event "Werther Schloss op 27th"]
[Site "Werther"]
[Date "2024.03.24"]
[Round "7"]
[White "Bilovil, Bogdan"]
[Black "Moeller, Maurin"]
[Result "1-0"]
[WhiteElo "2407"]
[BlackElo "2274"]
[PlyCount "113"]
[EventDate "2024.03.21"]
[EventType "swiss"]
[EventRounds "7"]
[EventCountry "GER"]
[SourceTitle "CB13_2024"]
[SourceDate "2024.03.27"]
[SourceVersion "1"]
[SourceVersionDate "2024.03.27"]
[SourceQuality "1"]

1. d4 Nf6 2. c4 g6 3. Nc3 d5 4. Nf3 Bg7 5. h3 0-0 6. cxd5 Nxd5 7. e4 Nxc3 8. bxc3 c5 9. Be2 Nc6 10. Be3 cxd4 11. cxd4 Qa5+ 12. Bd2 Qa3 13. d5 Nd4 14. Nxd4 Bxd4 15. Rb1 f5 16. 0-0 Qd6 17. Bb4 Qe5 18. Bxe7 Bxf2+ 19. Rxf2 Qxe7 20. Bc4 Qc5 21. Qc2 fxe4 22. Bb3 Qd6 23. Rxf8+ Kxf8 24. Rf1+ Kg8 25. Qxe4 Bf5 26. Qe3 a5 27. Rc1 Rd8 28. Qd4 h5 29. Qd2 Kh7 30. Qxa5 Rd7 31. Qc5 Qf4 32. Rf1 Qg3 33. Qf2 Qc3 34. Qe1 Qd4+ 35. Qf2 Qc3 36. Qe1 Qd4+ 37. Kh2 Qf6 38. Qg3 Kg7 39. Qf4 Qd6 40. Kg3 Qf6 41. Re1 Qc3+ 42. Re3 Qa1 43. Kh2 Qf6 44. Re2 b6 45. Qf2 Qd6+ 46. Kh1 Rc7 47. Re1 Qf6 48. Qf4 Qc3 49. Re3 Qa1+ 50. Kh2 Rd7 51. g4 hxg4 52. hxg4 Qb2+ 53. Kg3 Bb1 54. d6 Qf6 55. Re7+ Rxe7 56. Qxf6+ Kxf6 57. g5+ 1-0

[Event "GER-chT Lands U20"]
[Site "Hannover"]
[Date "2023.10.04"]
[Round "6"]
[White "Hubert, Charlotte"]
[Black "Moeller, Maurin"]
[Result "0-1"]
[WhiteElo "1897"]
[BlackElo "2120"]
[PlyCount "103"]
[EventDate "2023.10.01"]
[EventType "team-swiss"]
[EventRounds "7"]
[EventCountry "GER"]
[SourceTitle "EXT 2024"]
[Source "ChessBase"]
[SourceDate "2023.10.10"]
[SourceVersion "1"]
[SourceVersionDate "2023.10.10"]
[SourceQuality "1"]

1. e4 e5 2. Nf3 Nc6 3. Bb5 a6 4. Ba4 Nf6 5. 0-0 Be7 6. Re1 b5 7. Bb3 d6 8. a4 b4 9. d4 exd4 10. Nxd4 Nxd4 11. Qxd4 c5 12. Qd3 0-0 13. Bf4 Bb7 14. Nd2 Re8 15. Rad1 Bf8 16. f3 Nh5 17. Be3 Qf6 18. Nc4 Rad8 19. Na5 Ba8 20. Bc1 Qh4 21. Qf1 g6 22. Qf2 Qf6 23. Bc4 d5 24. exd5 Nf4 25. Re4 Ne6 26. Qe1 Nc7 27. Qe3 Re7 28. Qg5 Kg7 29. Qxf6+ Kxf6 30. b3 Kg7 31. Bb2+ f6 32. Rf4 Rf7 33. d6 Rxd6 34. Re1 Re7 35. Rxe7+ Bxe7 36. Be5 Rd1+ 37. Kf2 Nd5 38. Bxd5 Bxd5 39. Bc7 Rd2+ 40. Ke3 Rxc2 41. Rg4 h5 42. Rg3 Rc3+ 43. Kd2 Bxb3 44. Nxb3 Rxb3 45. f4 Rxg3 46. hxg3 c4 47. Kc2 b3+ 48. Kb2 Bb4 49. Bb6 Kf7 50. Bd4 Ke6 51. Kb1 c3 52. Be5 0-1

[Event "GER-ch U16"]
[Site "Willingen"]
[Date "2023.06.02"]
[Round "8"]
[White "Sidletskyi, Ivan"]
[Black "Moeller, Maurin"]
[Result "1-0"]
[WhiteElo "2152"]
[BlackElo "2140"]
[PlyCount "53"]
[EventDate "2023.05.27"]
[EventType "swiss"]
[EventRounds "9"]
[EventCountry "GER"]
[SourceTitle "CBM 214 Extra"]
[Source "ChessBase"]
[SourceDate "2023.07.31"]
[SourceVersion "1"]
[SourceVersionDate "2023.07.31"]
[SourceQuality "1"]

1. e4 c5 2. Nf3 Nc6 3. Bb5 d5 4. exd5 Qxd5 5. Nc3 Qe6+ 6. Be2 Nf6 7. 0-0 a6 8. d4 cxd4 9. Nxd4 Qd6 10. Nxc6 Qxc6 11. Bf3 Qc4 12. Bg5 Bg4 13. Bxf6 Bxf3 14. Qxf3 gxf6 15. Qxb7 Qc8 16. Qe4 Ra7 17. Rad1 Bg7 18. Qd4 Qa8 19. Qa4+ Kf8 20. Rd3 Rb7 21. Rfd1 Rb8 22. Qa5 Bh6 23. Nd5 Rg8 24. g3 Kg7 25. Nxe7 Rb5 26. Qc7 Re8 27. Rd8 1-0

[Event "GER-ch U16"]
[Site "Willingen"]
[Date "2023.05.28"]
[Round "2"]
[White "Moeller, Maurin"]
[Black "Von Mettenheim, Johannes"]
[Result "0-1"]
[WhiteElo "2140"]
[BlackElo "2329"]
[PlyCount "114"]
[EventDate "2023.05.27"]
[EventType "swiss"]
[EventRounds "9"]
[EventCountry "GER"]
[SourceTitle "CBM 214 Extra"]
[Source "ChessBase"]
[SourceDate "2023.07.31"]
[SourceVersion "1"]
[SourceVersionDate "2023.07.31"]
[SourceQuality "1"]

1. e4 c6 2. d4 d5 3. exd5 cxd5 4. c4 Nf6 5. Nc3 Nc6 6. Nf3 Be6 7. c5 g6 8. Be3 Bg7 9. Be2 0-0 10. 0-0 Ne4 11. Rc1 Nxc5 12. Nxd5 Bxd5 13. Rxc5 e6 14. Qa4 Qd6 15. Rd1 Rfd8 16. Nd2 Rac8 17. Nc4 Qe7 18. Na5 Nxa5 19. Rxa5 a6 20. Rc1 Rxc1+ 21. Bxc1 Bc6 22. Qc2 Rxd4 23. a3 Qd8 24. Rc5 Bf8 25. Rc3 Qd5 26. Bf3 Qe5 27. Re3 Qd6 28. Be2 Qd5 29. Bf3 Qf5 30. Rc3 Bxf3 31. gxf3 Qxc2 32. Rxc2 Rd7 33. Rc8 Kg7 34. Be3 Be7 35. Rc4 f6 36. Kf1 g5 37. h3 e5 38. a4 Kg6 39. Rc8 h5 40. Rh8 h4 41. Rc8 Kf5 42. b3 Bd6 43. Bb6 Bb4 44. Rb8 e4 45. fxe4+ Kxe4 46. Kg2 Bc3 47. Rc8 Bd4 48. Bd8 Rd5 49. f3+ Kd3 50. f4 Rf5 51. Bc7 gxf4 52. Kf3 Rc5 53. b4 Rc3 54. b5 axb5 55. axb5 Kc2+ 56. Kxf4 Be5+ 57. Bxe5 fxe5+ 0-1

[Event "GER-ch U16"]
[Site "Willingen"]
[Date "2023.05.28"]
[Round "1"]
[White "Pfeffer, Samuel"]
[Black "Moeller, Maurin"]
[Result "0-1"]
[WhiteElo "1504"]
[BlackElo "2140"]
[PlyCount "58"]
[EventDate "2023.05.27"]
[EventType "swiss"]
[EventRounds "9"]
[EventCountry "GER"]
[SourceTitle "CBM 214 Extra"]
[Source "ChessBase"]
[SourceDate "2023.07.31"]
[SourceVersion "1"]
[SourceVersionDate "2023.07.31"]
[SourceQuality "1"]

1. d4 d5 2. c4 e6 3. Nc3 Nf6 4. Bg5 Nbd7 5. cxd5 exd5 6. e3 c6 7. Bd3 Bd6 8. Nge2 0-0 9. Qc2 h6 10. Bf4 Qe7 11. Bxd6 Qxd6 12. Ng3 Re8 13. Nf5 Qe6 14. Ne2 Ne4 15. g4 c5 16. Nf4 Qc6 17. Bxe4 dxe4 18. d5 Qb6 19. 0-0-0 Nf6 20. Qc3 Bxf5 21. gxf5 Qd6 22. Rhg1 Re5 23. f3 exf3 24. e4 f2 25. Rg2 Nxe4 26. Qh3 Rae8 27. Qg4 Qf6 28. h4 Rxf5 29. Nh5 Rxh5 0-1

[Event "GER-chT U14"]
[Site "Kelheim"]
[Date "2022.12.29"]
[Round "5"]
[White "Moeller, Maurin"]
[Black "Polzin, Gustav"]
[Result "1-0"]
[WhiteElo "1998"]
[BlackElo "1880"]
[PlyCount "135"]
[EventDate "2022.12.26"]
[EventType "team-swiss"]
[EventRounds "7"]
[EventCountry "GER"]
[SourceTitle "CBM 212 Extra"]
[Source "ChessBase"]
[SourceDate "2023.03.31"]
[SourceVersion "1"]
[SourceVersionDate "2023.03.31"]
[SourceQuality "1"]
[WhiteTeam "Paderborn Blauer Springer"]
[BlackTeam "Halle USV"]
[WhiteTeamCountry "GER"]
[BlackTeamCountry "GER"]

1. e4 c6 2. c4 d5 3. exd5 cxd5 4. cxd5 Nf6 5. Nc3 g6 6. Nf3 Bg7 7. d4 0-0 8. h3 Nxd5 9. Be2 Nf6 10. 0-0 Nbd7 11. Bg5 Nb6 12. Re1 Be6 13. Ne5 Bd5 14. Nxd5 Nbxd5 15. Bf3 e6 16. Qb3 Qd6 17. Qxb7 Rab8 18. Qxa7 Rxb2 19. Qc5 Qa6 20. a4 Rc8 21. Qa3 Qb6 22. Qd3 Rc3 23. a5 Qa7 24. Qd1 Rb4 25. Bd2 Rxd4 26. Bxc3 Rxd1 27. Rexd1 Nxc3 28. Rd8+ Bf8 29. a6 Nb5 30. Nc6 Qc5 31. Rb1 Kg7 32. Rxb5 Qxb5 33. a7 Qb1+ 34. Kh2 Qf5 35. a8Q Qf4+ 36. Kg1 Bd6 37. Rxd6 Qxd6 38. Qa1 Qf4 39. Qc3 h5 40. g3 Qf5 41. Kg2 Qb1 42. h4 Qf5 43. Ne7 Qb5 44. Nc6 Qf5 45. Qb2 Qc5 46. Nb8 Qe7 47. Qe5 Qd8 48. Kg1 Qe7 49. Be2 Qb7 50. Bf1 Qe7 51. Bb5 Qd8 52. Nd7 Qe7 53. f3 Qd8 54. g4 hxg4 55. fxg4 Qe7 56. g5 Qb4 57. Qxf6+ Kg8 58. Qd8+ Kg7 59. Nf6 Qc5+ 60. Kg2 Qc2+ 61. Kg3 Qc3+ 62. Bd3 Qe1+ 63. Kf3 Qd1+ 64. Ke3 Qe1+ 65. Be2 Qg3+ 66. Kd4 Qf2+ 67. Kd3 Qg3+ 68. Kc2 1-0

[Event "GER-chT U14"]
[Site "Kelheim"]
[Date "2022.12.28"]
[Round "3"]
[White "Wunderlich, Elias"]
[Black "Moeller, Maurin"]
[Result "1-0"]
[WhiteElo "1789"]
[BlackElo "1998"]
[PlyCount "83"]
[EventDate "2022.12.26"]
[EventType "team-swiss"]
[EventRounds "7"]
[EventCountry "GER"]
[SourceTitle "CBM 212 Extra"]
[Source "ChessBase"]
[SourceDate "2023.03.31"]
[SourceVersion "1"]
[SourceVersionDate "2023.03.31"]
[SourceQuality "1"]
[WhiteTeam "Garching"]
[BlackTeam "Paderborn Blauer Springer"]
[WhiteTeamCountry "GER"]
[BlackTeamCountry "GER"]

1. e4 c5 2. c3 d5 3. exd5 Qxd5 4. d4 Nf6 5. Nf3 e6 6. Be3 cxd4 7. Nxd4 a6 8. Nd2 Be7 9. Qf3 0-0 10. Bc4 Qxf3 11. N2xf3 b5 12. Bd3 Bb7 13. 0-0 Nbd7 14. Rfe1 Rfd8 15. Rad1 h6 16. Bf4 Nd5 17. Bg3 Nc5 18. Bc2 Rac8 19. Ne5 h5 20. h4 Nb6 21. Re2 Nca4 22. Bb3 Bc5 23. Nxf7 Kxf7 24. Bxe6+ Kf8 25. Bxc8 Rxc8 26. Ne6+ Kf7 27. Nd8+ Rxd8 28. Rxd8 Bc8 29. Bd6 Bxd6 30. Rxd6 Nc4 31. Rc6 Bf5 32. b3 Nxc3 33. Re1 Nxa2 34. bxc4 b4 35. Rxa6 b3 36. Ra3 Bc2 37. c5 Nb4 38. Ra7+ Kf6 39. c6 Bf5 40. c7 Nd5 41. Ra6+ Kf7 42. Ra5 1-0

[Event "GER-chT U14"]
[Site "Kelheim"]
[Date "2022.12.27"]
[Round "2"]
[White "Moeller, Maurin"]
[Black "Semling, Julius"]
[Result "1/2-1/2"]
[WhiteElo "1998"]
[BlackElo "1915"]
[PlyCount "100"]
[EventDate "2022.12.26"]
[EventType "team-swiss"]
[EventRounds "7"]
[EventCountry "GER"]
[SourceTitle "CBM 212 Extra"]
[Source "ChessBase"]
[SourceDate "2023.03.31"]
[SourceVersion "1"]
[SourceVersionDate "2023.03.31"]
[SourceQuality "1"]
[WhiteTeam "Paderborn Blauer Springer"]
[BlackTeam "Baden-Baden"]
[WhiteTeamCountry "GER"]
[BlackTeamCountry "GER"]

1. e4 c5 2. c3 Nf6 3. e5 Nd5 4. d4 cxd4 5. Nf3 Nc6 6. cxd4 d6 7. Bc4 dxe5 8. Nxe5 e6 9. 0-0 Be7 10. Bb5 Bd7 11. Nxc6 Bxc6 12. Bxc6+ bxc6 13. Nd2 0-0 14. Ne4 Qb6 15. b3 Rad8 16. Bb2 Nf6 17. Qf3 Nxe4 18. Qxe4 Bf6 19. Rac1 Rd5 20. Ba3 Rfd8 21. Bc5 Qa6 22. a4 Bxd4 23. Bxd4 Rxd4 24. Qxc6 Qxc6 25. Rxc6 Rb4 26. Rc7 a5 27. g3 g6 28. Ra7 Rxb3 29. Rxa5 Rd2 30. h4 Ra2 31. h5 Kg7 32. Kg2 Rba3 33. Ra7 gxh5 34. Rh1 Rxa4 35. Rxa4 Rxa4 36. Rxh5 Kg6 37. Rb5 Ra3 38. Rc5 f6 39. Rb5 e5 40. Rb8 Kf5 41. Rh8 Ra7 42. Kf3 e4+ 43. Ke3 Ra3+ 44. Ke2 Ra7 45. Ke3 Re7 46. Rf8 h5 47. Rh8 Kg5 48. Rg8+ Kf5 49. Rh8 Kg5 50. Rg8+ Kf5 1/2-1/2

[Event "GER-chT Lands U20"]
[Site "Wiesbaden"]
[Date "2022.10.01"]
[Round "2.3"]
[White "Skembris, Simon Max"]
[Black "Moeller, Maurin"]
[Result "0-1"]
[WhiteElo "1540"]
[BlackElo "1936"]
[PlyCount "74"]
[EventDate "2022.09.30"]
[EventType "team-swiss"]
[EventRounds "7"]
[EventCountry "GER"]
[SourceTitle "CBM 210 Extra"]
[Source "ChessBase"]
[SourceDate "2022.11.30"]
[SourceVersion "1"]
[SourceVersionDate "2022.11.30"]
[SourceQuality "1"]
[WhiteTeam "Baden U20"]
[BlackTeam "Nordrhein Westfalen U20"]
[WhiteTeamCountry "GER"]
[BlackTeamCountry "GER"]

1. e4 c5 2. Nf3 e6 3. d4 cxd4 4. Nxd4 Nf6 5. Nc3 Nc6 6. Nxc6 bxc6 7. Bd3 d5 8. 0-0 Be7 9. Bg5 h6 10. Bh4 Nxe4 11. Bxe7 Nxc3 12. Qg4 Kxe7 13. bxc3 Kf8 14. Rae1 c5 15. c4 h5 16. Qf4 Rh6 17. Re5 Bb7 18. Rfe1 Kg8 19. cxd5 Bxd5 20. Bc4 Rf6 21. Qh4 Rg6 22. Qxd8+ Rxd8 23. Bxd5 Rxd5 24. Rxd5 exd5 25. f3 Re6 26. Rd1 d4 27. Rd3 Ra6 28. a3 Ra4 29. Rb3 Rc4 30. Rb7 Rxc2 31. Rxa7 d3 32. Rd7 d2 33. Kf1 c4 34. a4 c3 35. Ke2 Rc1 36. Rd8+ Kh7 37. a5 Re1+ 0-1

[Event "GER-ch U14"]
[Site "Willingen"]
[Date "2022.06.08"]
[Round "6"]
[White "Moeller, Maurin"]
[Black "Besou, Hussain"]
[Result "1/2-1/2"]
[WhiteElo "1780"]
[BlackElo "2094"]
[PlyCount "96"]
[EventDate "2022.06.04"]
[EventType "swiss"]
[EventRounds "9"]
[EventCountry "GER"]
[SourceTitle "CBM 208 Extra"]
[Source "ChessBase"]
[SourceDate "2022.07.31"]
[SourceVersion "1"]
[SourceVersionDate "2022.07.31"]
[SourceQuality "1"]

1. d4 Nf6 2. Bf4 e6 3. e3 d5 4. c3 Bd6 5. Bg3 0-0 6. Nd2 b6 7. Bd3 c5 8. Ngf3 Ba6 9. Qe2 Bxd3 10. Qxd3 Nc6 11. 0-0 Rc8 12. Rfe1 Ne7 13. e4 dxe4 14. Nxe4 Nxe4 15. Qxe4 Bxg3 16. hxg3 Qd5 17. dxc5 Qxe4 18. Rxe4 Rxc5 19. Ra4 Rc7 20. Rd1 Rfc8 21. Kf1 f6 22. Ke2 e5 23. Ne1 Kf7 24. Nc2 Rb7 25. Ne3 Ke6 26. Rh4 h6 27. a4 Rbc7 28. Rg4 Nf5 29. Rb4 Nxe3 30. Kxe3 Rc4 31. Rxc4 Rxc4 32. Ra1 a5 33. Kd3 Kd5 34. b3 e4+ 35. Kc2 Rc7 36. Re1 f5 37. Rd1+ Ke6 38. Rd8 h5 39. Re8+ Kf6 40. Rb8 Rc6 41. Kd2 Rd6+ 42. Ke2 g6 43. b4 axb4 44. cxb4 Kg5 45. Ke3 Rd3+ 46. Ke2 Ra3 47. Rxb6 Rxa4 48. b5 Rb4 1/2-1/2

[Event "GER-chT Christmas U16 Steinitz"]
[Site "Playchess.com INT"]
[Date "2020.12.28"]
[Round "3.1"]
[White "Moeller, Maurin"]
[Black "Bayer, Michael"]
[Result "1-0"]
[WhiteElo "1627"]
[BlackElo "1191"]
[PlyCount "43"]
[EventDate "2020.12.28"]
[EventType "team-swiss (blitz)"]
[EventRounds "7"]
[EventCountry "GER"]
[SourceTitle "CBM 200 Extra"]
[Source "ChessBase"]
[SourceDate "2021.03.31"]
[SourceVersion "1"]
[SourceVersionDate "2021.03.31"]
[SourceQuality "1"]
[WhiteTeam "Paderborn Blauer Springer"]
[BlackTeam "Solln"]
[WhiteTeamCountry "GER"]
[BlackTeamCountry "GER"]

1. e4 e5 2. Nf3 Nc6 3. d4 exd4 4. Bc4 h6 5. 0-0 Nf6 6. e5 Ng4 7. h3 Ngxe5 8. Nxe5 Nxe5 9. Re1 Bd6 10. f4 0-0 11. fxe5 Bc5 12. Bd3 d6 13. Bf4 dxe5 14. Bxe5 Re8 15. Nd2 f6 16. Bg3 Rxe1+ 17. Qxe1 b6 18. Qe4 Rb8 19. Qh7+ Kf8 20. Re1 Bd7 21. Bc4 b5 22. Qh8# 1-0

[Event "GER-ch U12"]
[Site "Willingen"]
[Date "2020.10.28"]
[Round "2"]
[White "Leubner, Paul Damdin"]
[Black "Moeller, Maurin"]
[Result "1/2-1/2"]
[WhiteElo "1409"]
[BlackElo "1645"]
[PlyCount "91"]
[EventDate "2020.10.26"]
[EventType "swiss"]
[EventRounds "7"]
[EventCountry "GER"]
[SourceTitle "CBM 199 Extra"]
[Source "ChessBase"]
[SourceDate "2021.01.31"]
[SourceVersion "1"]
[SourceVersionDate "2021.01.31"]
[SourceQuality "1"]

1. e4 e5 2. Bc4 Nf6 3. d3 Bc5 4. Nf3 d6 5. Nbd2 0-0 6. c3 Re8 7. b4 Bb6 8. Bb3 d5 9. exd5 Nxd5 10. Qc2 Nf4 11. 0-0 Qxd3 12. Ne4 Qxc2 13. Bxc2 Ne2+ 14. Kh1 Nxc1 15. Raxc1 Be6 16. a4 Bc4 17. Rfd1 Be2 18. Rd2 Bxf3 19. gxf3 a6 20. a5 Ba7 21. Rg1 Kh8 22. Ng5 Nc6 23. Nxf7+ Kg8 24. Bb3 Kf8 25. Ng5 g6 26. Ne6+ Ke7 27. Nxc7 Rad8 28. Rgd1 Rxd2 29. Rxd2 Rf8 30. Kg2 Bb8 31. Ne6 Rc8 32. Nc5 Rc7 33. Ne4 Rc8 34. Ba4 h6 35. Nc5 Rc7 36. Rd3 Ba7 37. Bxc6 Bxc5 38. Be4 Bd6 39. Bxg6 Rc8 40. Be4 Rc7 41. Kf1 Ke6 42. h4 Be7 43. h5 Bg5 44. Ke2 Bf6 45. Kd1 Bh4 46. Ke2 1/2-1/2

[Event "DSOL 04 Liga Gr-A 1st"]
[Site "Playchess.com INT"]
[Date "2020.08.10"]
[Round "2.3"]
[White "Andresen, Marc"]
[Black "Moeller, Maurin"]
[Result "1/2-1/2"]
[WhiteElo "1756"]
[BlackElo "1803"]
[PlyCount "78"]
[EventDate "2020.06.22"]
[EventType "team-tourn (rapid)"]
[EventCountry "GER"]
[SourceTitle "EXT 2021"]
[Source "ChessBase"]
[SourceDate "2020.10.23"]
[SourceVersion "1"]
[SourceVersionDate "2020.10.23"]
[SourceQuality "1"]
[WhiteTeam "Falkensee Caissa"]
[BlackTeam "Paderborn Blauer Springer II"]
[WhiteTeamCountry "GER"]
[BlackTeamCountry "GER"]

1. e4 e5 2. Nf3 Nf6 3. Nxe5 d6 4. Nf3 Nxe4 5. d4 d5 6. Bd3 Be7 7. 0-0 0-0 8. c4 c6 9. Nc3 Nf6 10. Re1 Be6 11. c5 b6 12. b4 a5 13. Na4 Nbd7 14. a3 axb4 15. cxb6 Nxb6 16. axb4 Bxb4 17. Bd2 Bxd2 18. Nxd2 Nxa4 19. Rxa4 Qb6 20. Nf3 Bg4 21. Be2 Rfe8 22. Rxa8 Rxa8 23. Ne5 Bxe2 24. Rxe2 Ne4 25. Rc2 Qb3 26. h3 g6 27. Nxc6 Ra1 28. Qxa1 Qxc2 29. Ne7+ Kg7 30. Qf1 Qa2 31. f3 Nc3 32. Kh2 Qd2 33. Qa1 Qf4+ 34. Kh1 Qe3 35. Kh2 h5 36. Kh1 h4 37. Kh2 Qf4+ 38. Kh1 Qe3 39. Kh2 Qf4+ 1/2-1/2

[Event "DSOL 04 Liga Gr-A 1st"]
[Site "Playchess.com INT"]
[Date "2020.07.31"]
[Round "6.3"]
[White "Kuever, Benjamin"]
[Black "Moeller, Maurin"]
[Result "1-0"]
[WhiteElo "1320"]
[BlackElo "1803"]
[PlyCount "79"]
[EventDate "2020.06.22"]
[EventType "team-tourn (rapid)"]
[EventCountry "GER"]
[SourceTitle "EXT 2021"]
[Source "ChessBase"]
[SourceDate "2020.10.23"]
[SourceVersion "1"]
[SourceVersionDate "2020.10.23"]
[SourceQuality "1"]
[WhiteTeam "Ludwigshafen II"]
[BlackTeam "Paderborn Blauer Springer II"]
[WhiteTeamCountry "GER"]
[BlackTeamCountry "GER"]

1. f4 d5 2. Nf3 Nf6 3. e3 Bg4 4. Be2 Bxf3 5. Bxf3 e6 6. 0-0 Bd6 7. b3 Nbd7 8. c4 c6 9. Nc3 0-0 10. d4 Qa5 11. Bd2 Qc7 12. Rc1 Qd8 13. c5 Be7 14. b4 b6 15. g4 bxc5 16. bxc5 Kh8 17. g5 Ng8 18. Qa4 Qc7 19. Rb1 Rfb8 20. e4 Rxb1 21. Rxb1 Rb8 22. Rxb8 Nxb8 23. Qc2 g6 24. Ne2 Qb7 25. h4 Bd8 26. f5 Kg7 27. fxe6 fxe6 28. Nf4 Qf7 29. Bg4 Bc7 30. Nxe6+ Kh8 31. exd5 Bg3 32. Be3 Na6 33. dxc6 Nb4 34. Qg2 Bb8 35. d5 Be5 36. c7 Bxc7 37. Bd4+ Nf6 38. Bxf6+ Kg8 39. d6 Ba5 40. Qa8+ 1-0

[Event "DSOL 04 Liga Gr-A 1st"]
[Site "Playchess.com INT"]
[Date "2020.07.15"]
[Round "4.2"]
[White "Luger, Jens"]
[Black "Moeller, Maurin"]
[Result "0-1"]
[WhiteElo "1827"]
[BlackElo "1803"]
[PlyCount "122"]
[EventDate "2020.06.22"]
[EventType "team-tourn (rapid)"]
[EventCountry "GER"]
[SourceTitle "EXT 2021"]
[Source "ChessBase"]
[SourceDate "2020.10.23"]
[SourceVersion "1"]
[SourceVersionDate "2020.10.23"]
[SourceQuality "1"]
[WhiteTeam "Dresden TuR"]
[BlackTeam "Paderborn Blauer Springer II"]
[WhiteTeamCountry "GER"]
[BlackTeamCountry "GER"]

1. d4 d5 2. Bf4 Nf6 3. Nf3 c6 4. c3 Bf5 5. Nbd2 h6 6. e3 e6 7. Be2 Bd6 8. Bg3 0-0 9. c4 Bxg3 10. hxg3 Nbd7 11. Ne5 Qc7 12. Nxd7 Nxd7 13. cxd5 exd5 14. Rc1 Rfe8 15. Rc3 Nf6 16. g4 Bh7 17. Kf1 Qd6 18. a3 Re7 19. b4 Rae8 20. Rh3 Ne4 21. Nxe4 dxe4 22. Bc4 Rf8 23. g5 hxg5 24. Qg4 Qf6 25. Rg3 Bf5 26. Qxg5 Qxg5 27. Rxg5 g6 28. Ke1 Kg7 29. Rg3 Rh8 30. Kd2 Rh2 31. Rc1 Re8 32. b5 cxb5 33. Bxb5 Rc8 34. Rxc8 Bxc8 35. Be2 Be6 36. Bd1 Kf6 37. a4 Rh1 38. f3 exf3 39. gxf3 Rh2+ 40. Kc3 a5 41. e4 Ra2 42. d5 Bd7 43. Bb3 Ra1 44. Kb2 Re1 45. Rg2 Rf1 46. Re2 Rxf3 47. e5+ Ke7 48. d6+ Kd8 49. Bd5 Rf4 50. Bxb7 Rb4+ 51. Kc3 Rxb7 52. Rf2 Be6 53. Kd4 Rb4+ 54. Kc5 Kd7 55. Rf1 g5 56. Rh1 g4 57. Rh8 g3 58. Ra8 g2 59. Rxa5 Rc4+ 60. Kb5 g1Q 61. Ra7+ Qxa7 0-1

[Event "DSOL 04 Liga Gr-A 1st"]
[Site "Playchess.com INT"]
[Date "2020.07.08"]
[Round "3.2"]
[White "Moeller, Maurin"]
[Black "Kreuscher, Wolfgang"]
[Result "1/2-1/2"]
[WhiteElo "1803"]
[BlackElo "1926"]
[PlyCount "52"]
[EventDate "2020.06.22"]
[EventType "team-tourn (rapid)"]
[EventCountry "GER"]
[SourceTitle "EXT 2021"]
[Source "ChessBase"]
[SourceDate "2020.10.23"]
[SourceVersion "1"]
[SourceVersionDate "2020.10.23"]
[SourceQuality "1"]
[WhiteTeam "Paderborn Blauer Springer II"]
[BlackTeam "Ostertal"]
[WhiteTeamCountry "GER"]
[BlackTeamCountry "GER"]

1. e4 c5 2. Nc3 Nc6 3. f4 g6 4. Nf3 Bg7 5. d3 Rb8 6. a4 a6 7. g3 b5 8. axb5 axb5 9. Bg2 b4 10. Nd5 e6 11. Ne3 Nge7 12. 0-0 0-0 13. e5 d6 14. exd6 Qxd6 15. Nc4 Qd8 16. Be3 Nd4 17. Kh1 Nef5 18. Bf2 h5 19. Nfe5 Bb7 20. Be4 Qc7 21. Kg1 Ra8 22. Rxa8 Rxa8 23. c3 bxc3 24. bxc3 Nb5 25. Qb3 Bxe4 26. dxe4 Nfd6 1/2-1/2

[Event "GER Pfingstopen U16"]
[Site "Playchess.com INT"]
[Date "2020.06.05"]
[Round "3"]
[White "Klahold, Rona"]
[Black "Moeller, Maurin"]
[Result "0-1"]
[WhiteElo "1596"]
[BlackElo "1487"]
[PlyCount "150"]
[EventDate "2020.06.05"]
[EventType "swiss (blitz)"]
[EventRounds "11"]
[EventCountry "GER"]
[SourceTitle "CBM 197 Extra"]
[Source "ChessBase"]
[SourceDate "2020.09.30"]
[SourceVersion "1"]
[SourceVersionDate "2020.09.30"]
[SourceQuality "1"]

1. d4 d5 2. Bf4 Nf6 3. e3 Bf5 4. Nd2 e6 5. Bd3 Bxd3 6. cxd3 c5 7. dxc5 Bxc5 8. d4 Bd6 9. Bg3 Nc6 10. Ngf3 0-0 11. 0-0 Rc8 12. Nb3 Nb4 13. a3 Nc6 14. Rc1 Ne4 15. Bxd6 Qxd6 16. Qd3 a6 17. Nfd2 Nxd2 18. Nxd2 Rc7 19. Rc3 Rfc8 20. Rfc1 Na5 21. Rxc7 Rxc7 22. Rxc7 Qxc7 23. Qc3 Qxc3 24. bxc3 Kf8 25. Kf1 Ke7 26. Ke2 f6 27. e4 dxe4 28. Nxe4 b6 29. Kd3 h6 30. c4 f5 31. Nc3 Kd6 32. Na4 Nxc4 33. Kxc4 b5+ 34. Kb4 bxa4 35. Kxa4 Kd5 36. Ka5 Kxd4 37. Kxa6 e5 38. Kb6 f4 39. a4 e4 40. a5 e3 41. fxe3+ fxe3 42. a6 e2 43. a7 e1Q 44. a8Q Qb1+ 45. Kc7 Qc2+ 46. Kd6 Qc5+ 47. Ke6 Qe5+ 48. Kf7 Qf6+ 49. Ke8 Ke3 50. Qa3+ Kf2 51. Qa2+ Kg1 52. g3 g5 53. Qe2 Qg6+ 54. Kd7 g4 55. Qd2 h5 56. Ke7 Kh1 57. Qf2 Qe4+ 58. Kd6 Qg2 59. Qf5 Qxh2 60. Qf1+ Qg1 61. Qf4 Kh2 62. Qg5 Qxg3+ 63. Kd5 h4 64. Qd2+ Qg2+ 65. Qxg2+ Kxg2 66. Kd4 h3 67. Ke3 h2 68. Kf4 g3 69. Ke3 h1Q 70. Kf4 Qh4+ 71. Ke3 Kf1 72. Kd2 g2 73. Kd1 Kf2 74. Kd2 Kg3 75. Ke2 g1Q 0-1

[Event "GER Pfingstopen U16"]
[Site "Playchess.com INT"]
[Date "2020.06.05"]
[Round "5"]
[White "Kwech, Martin"]
[Black "Moeller, Maurin"]
[Result "1/2-1/2"]
[WhiteElo "1463"]
[BlackElo "1503"]
[PlyCount "109"]
[EventDate "2020.06.05"]
[EventType "swiss (blitz)"]
[EventRounds "11"]
[EventCountry "GER"]
[SourceTitle "CBM 197 Extra"]
[Source "ChessBase"]
[SourceDate "2020.09.30"]
[SourceVersion "1"]
[SourceVersionDate "2020.09.30"]
[SourceQuality "1"]

1. e4 e5 2. Nf3 Nf6 3. Nxe5 d6 4. Nf3 Nxe4 5. Qe2 Qe7 6. Nc3 Nxc3 7. Qxe7+ Bxe7 8. dxc3 0-0 9. Bd3 Nc6 10. 0-0 Bg4 11. Be4 Rfe8 12. h3 Be6 13. Bxc6 bxc6 14. Nd4 Bd7 15. Bf4 c5 16. Nf3 h6 17. Rfe1 Bf6 18. Rxe8+ Rxe8 19. Re1 Rxe1+ 20. Nxe1 Be6 21. a3 Kf8 22. Kf1 Ke7 23. Ke2 Bd5 24. f3 Bc4+ 25. Nd3 Ke6 26. Kd2 Kf5 27. Be3 Bg5 28. Ke2 a5 29. b3 Bd5 30. b4 c4 31. Nf2 a4 32. Bxg5 Kxg5 33. Ke3 c5 34. bxc5 dxc5 35. Ne4+ Bxe4 36. Kxe4 Kh4 37. Kd5 Kg3 38. Kxc5 Kxg2 39. Kxc4 Kxf3 40. Kb4 Kg2 41. c4 f5 42. c5 f4 43. c6 f3 44. c7 f2 45. c8Q f1Q 46. Qg4+ Kh2 47. Qxg7 Qf4+ 48. Kb5 Kxh3 49. Qd7+ Kg2 50. Qd5+ Kg3 51. Qd3+ Kg2 52. Qe2+ Kg3 53. Qd3+ Kg4 54. Qe2+ Kg3 55. Qd3+ 1/2-1/2